| 000 | 00493nam a2200193 a 4500 | ||
|---|---|---|---|
| 001 | 1777027203386 | ||
| 003 | YourLibrary | ||
| 005 | 20260424161207.0 | ||
| 008 | 260424s2003##################000#0#eng## | ||
| 020 | _a9789067041614 | ||
| 082 | 0 | 4 | _a345.0235HEE |
| 100 | 1 |
_aHeere, Wybo P., _eauthor. |
|
| 245 | 1 | 0 | _aTerrorism and the Military : |
| 260 |
_bT.M.C. Asser Press, _c2003. |
||
| 300 | _a226 pages | ||
| 650 | 0 | _aLaw. | |
| 942 | _cENGLISH | ||
| 040 |
_aYourLibrary _beng _cYourLibrary |
||
| 999 |
_c619845 _d619845 |
||